| 000 | 00361 a2200133 4500 | ||
|---|---|---|---|
| 020 | _a0978506022 | ||
| 090 |
_c5981 _d5981 |
||
| 100 | _aFarid, Jawwad Ahmed | ||
| 245 |
_aReboot: In search for the land of opportunity _cJawwad Ahmed Farid |
||
| 250 | _a2nd | ||
| 260 |
_aKarachi: _bAlchemy Technologies, _c2009. |
||
| 300 |
_avii, 173 p. ; _c21 cm. |
||
| 942 | _cBK | ||
| 999 |
_c486609 _d486609 |
||